Maiores países por hemisfério - Statistics

Estatísticas Gerais
  • Esse quiz foi jogado 67 vezes
  • A pontuação média é 17 de 20
Estatísticas das Respostas
Área (Km²) Países % Correto
2 780 400 Argentina
100%
8 510 417 Brasil
100%
9 984 670 Canadá
100%
9 596 961 China
100%
7 824 535 Estados Unidos
100%
17 098 246 Rússia
100%
7 692 024 Austrália
98%
3 287 590 Índia
95%
1 964 375 México
95%
1 221 037 África do Sul
89%
2 724 900 Cazaquistão
87%
1 904 569 Indonésia
87%
2 344 858 RD Congo
87%
2 381 741 Argélia
86%
1 285 216 Peru
84%
1 247 000 Angola
76%
1 098 581 Bolívia
71%
1 886 068 Sudão
71%
2 149 690 Arábia Saudita
70%
945 087 Tanzânia
48%
Nenhum quiz correspondente encontrado
Distribuição das Pontuações
Porcentagem de Pessoas com Cada Pontuação
Percentil de Números Respondidos
Sua Pontuação Histórica
Você não jogou esse quiz